Định mức vật tư và định mức dự toán công tác sửa chữa trong xây dựng cơ bản Công bố kèm theo văn bản số 1778/BXD-VP ngày 16-08-2007 của Bộ Xây dựng
Trình bày định mức dự toán sửa chữa công trình xây dựng; Định mức vật tư trong xây dựng; Hướng dẫn áp dụng chi phí quản lý dự án và tư vấn đầu tư xây dựng công trình.
Đã lưu trong:
| Tác giả chính: | |
|---|---|
| Định dạng: | Sách |
| Năm xuất bản: |
H.
Lao động-Xã hội
2007
|
| Chủ đề: | |
| Tags: |
Thêm thẻ
Không có thẻ, Hãy là người đầu tiên gắn thẻ bản ghi này!
|
| LEADER | 01124nam a2200193 4500 | ||
|---|---|---|---|
| 999 | |c 1053 |d 1053 | ||
| 082 | |a 690.24029 |b Đ312m. | ||
| 100 | |a Ban xây dựng-VP ngày 16-08-2007 của Bộ Xây dựng | ||
| 245 | |a Định mức vật tư và định mức dự toán công tác sửa chữa trong xây dựng cơ bản |b Công bố kèm theo văn bản số 1778/BXD-VP ngày 16-08-2007 của Bộ Xây dựng |c Ban xây dựng-VP ngày 16-08-2007 của Bộ Xây dựng | ||
| 260 | |a H. |b Lao động-Xã hội |c 2007 | ||
| 300 | |a 495tr. |c 28cm | ||
| 520 | |a Trình bày định mức dự toán sửa chữa công trình xây dựng; Định mức vật tư trong xây dựng; Hướng dẫn áp dụng chi phí quản lý dự án và tư vấn đầu tư xây dựng công trình. | ||
| 653 | |a Kỹ thuật | ||
| 653 | |a Xây dựng | ||
| 653 | |a Sửa chữa | ||
| 653 | |a Định mức dự toán | ||
| 653 | |a Định mức vật tư | ||
| 942 | |2 ddc |c SH | ||
| 952 | |0 0 |1 0 |2 ddc |4 0 |6 690_240290000000000_Đ312M |7 0 |8 600 |9 19296 |a qbu |b qbu |c D3 |d 2014-12-03 |g 250000 |o 690.24029 Đ312m. |p 5716.c1 |w 2014-12-03 |y SH |0 0 |6 690_240290000000000_Đ312M | ||